Realizing rigor in the mathematics classroom

Saved in:
Bibliographic Details
Main Author: HULL, Ted H.
Format: Book
Language:English
Published: Corwin 2011
Tags: Add Tag
No Tags, Be the first to tag this record!

MARC

LEADER 00000nam a22000007a 4500
008 210125b ||||| |||| 00| 0 eng d
020 |a 978-1-4522-9960-0 
100 |a HULL, Ted H. 
245 |a Realizing rigor in the mathematics classroom  |c Ted H. Hull, Ruth Harbin Miles [and] Don S. Balka  |g 176p.; ill. 
260 |b Corwin  |c 2011  |h Thousand Oaks, California  |i 692295  |i 692296  |l QA11.2 .H87  |m Mathematics – Study and teaching – Standards – United States. 
942 |a lcc  |c BK  |e YUNUSA, A.A.  |f 25/01/2021 
952 |0 0  |1 0  |2 lcc  |4 0  |6 QA00112 H87  |7 0  |9 1707  |a HOL  |b SL  |c QZ  |d 2021-01-25  |l 0  |o QA11.2 .H87  |p 2021-0487  |r 2021-01-25 00:00:00  |w 2021-01-25  |y BK 
952 |0 0  |1 0  |2 lcc  |4 0  |6 QA00112 H87  |7 0  |9 1708  |a HOL  |b HOL  |c QZ  |d 2021-01-25  |l 0  |o QA11.2 .H87  |p 2021-0488  |r 2021-01-25 00:00:00  |w 2021-01-25  |y BK 
999 |c 906  |d 906